INTRODUCTION TO ARTIFICIAL INTELLIGENCE (Record no. 1396052)

MARC details
000 -LEADER
fixed length control field 00573nam a2200205Ia 4500
005 - DATE AND TIME OF LATEST TRANSACTION
control field 20250508165605.0
008 - FIXED-LENGTH DATA ELEMENTS--GENERAL INFORMATION
fixed length control field 008 250505s9999 xx 000 0 eng d
037 ## - SOURCE OF ACQUISITION
Stock number Textual
040 ## - CATALOGING SOURCE
Original cataloging agency FEDL
Language of cataloging eng
Transcribing agency FEDL
041 ## - LANGUAGE CODE
Language code of text/sound track or separate title eng
Source of code eng
084 ## - COLON CLASSIFICATION NUMBER
Classification number 001.53, CHA
Assigning agency FEDL
100 ## - MAIN ENTRY--PERSONAL NAME
Personal name CHARNIAK EUGENE
9 (RLIN) 781284
245 #0 - TITLE STATEMENT
Title INTRODUCTION TO ARTIFICIAL INTELLIGENCE
260 ## - PUBLICATION, DISTRIBUTION, ETC.
Place of publication, distribution, etc. Canada
Name of publisher, distributor, etc. Addison Wesley
Date of publication, distribution, etc. 1987
300 ## - PHYSICAL DESCRIPTION
Extent xvii, 701
365 ## - TRADE PRICE
Price type code INR
Price amount 491.86
700 ## - ADDED ENTRY--PERSONAL NAME
Personal name MCDERMOTT DREW
9 (RLIN) 781285
942 ## - ADDED ENTRY ELEMENTS (KOHA)
Koha item type Textual
Classification part 001.53, CHA
Holdings
Withdrawn status Lost status Damaged status Not for loan Home library Current library Date acquired Cost, normal purchase price Total Checkouts Full call number Barcode Date last seen Price effective from Koha item type
        Department of Education Library Department of Education Library 2025-05-08 491.86   001.53, CHA EL0089703 2025-05-08 2025-05-08 Textual
Copyright @ Delhi University Library System